| 000 | 00788nam a2200253Ia 4500 | ||
|---|---|---|---|
| 003 | OSt | ||
| 005 | 20221005092015.0 | ||
| 006 | a|||||r|||| 00| 0 | ||
| 007 | ta | ||
| 008 | 221004b |||||||| |||| 00| 0 eng d | ||
| 020 |
_a9781586487539 (hbk) _c1531.34 |
||
| 024 | _a94903 | ||
| 037 |
_b27454, 31/03/2009, Segment Book Distributors _cTextual |
||
| 040 |
_aCRL _cCRL _beng |
||
| 041 |
_2eng _aeng |
||
| 082 | _aU8.6P1, P9 | ||
| 100 |
_aDowden Richard _9616792 |
||
| 245 | 0 |
_aAfrica _b Altered states, ordinary miracles |
|
| 260 |
_aNew York _bPublic Affairs U.S.A _c2009 |
||
| 300 |
_axiv, 576p. _ccm. |
||
| 650 | _aGEOGRAPHY | ||
| 942 |
_hU8.6P1, P9 _cTEXL _2cc |
||
| 999 |
_c998142 _d998142 |
||